000 00769nam a2200241Ia 4500
003 OSt
005 20220926002627.0
006 a|||||r|||| 00| 0
007 ta
008 220923b |||||||| |||| 00| 0 eng d
020 _a9788189059361
_c505.75
037 _b840, 30/01/2014, Pranami Book Service
_cGeneral Book
040 _aRTL
_cRTL
_beng
041 _2eng
_aeng
082 _aY5926.255.N, Q2
100 _aKELA Shashank
_9306170
245 0 _aRogue and peasant slave
_b Adivasi resistance,1800-2000
260 _a New Delhi
_bNavayana Publishing
_c2012
300 _a392p.
_ccm.
650 _aSociology
942 _hY5926.255.N, Q2
_cGB
_2CC
999 _c605641
_d605641